Top 20 Countries Leading in AI Research & Technology - Statistics

General Stats
  • This quiz has been taken 206 times
  • The average score is 16 of 20
Answer Stats
Rank Country % Correct
1 United States
100%
2 China
97%
7 Canada
96%
20 Japan
96%
8 Germany
94%
15 France
93%
5 United Kingdom
92%
12 South Korea
88%
6 Australia
85%
10 Netherlands
82%
13 Sweden
82%
4 Switzerland
78%
9 Finland
76%
14 Belgium
74%
18 Denmark
74%
3 Singapore
72%
16 Austria
68%
11 Israel
63%
19 Luxembourg
50%
17 Qatar
34%
No matching quizzes found
Score Distribution
Percent of People with Each Score
Percentile by Number Answered
Your Score History
You have not taken this quiz